More reading power: reading for pleasure, comprehension skills, thinking skills, reading faster
Сохранить в:
| Главные авторы: | , |
|---|---|
| Формат: | |
| Язык: | английский |
| Опубликовано: |
Nueva York
Addison-Wesley
1996
|
| Предметы: | |
| Метки: |
Добавить метку
Нет меток, Требуется 1-ая метка записи!
|
MARC
| LEADER | 00000nam a2200000 a 4500 | ||
|---|---|---|---|
| 001 | UCQ5723 | ||
| 003 | CL-VaPUC | ||
| 008 | 981002e19960000US |||||||||||||||||eng|d | ||
| 082 | 0 | 4 | |a 428.8 |b MIK |2 21 |
| 100 | |a Mikulecky, Beatrice S. |e autora |9 419751 | ||
| 700 | 0 | |a Jeffries, Linda |e author |9 419752 | |
| 245 | 1 | 0 | |a More reading power: reading for pleasure, comprehension skills, thinking skills, reading faster |
| 300 | |a 300 p | ||
| 942 | |c BK | ||
| 945 | |d 19981002 00:00:00 |a aarredon | ||
| 260 | |a Nueva York |b Addison-Wesley |c 1996 | ||
| 650 | 0 | |a Inglés |9 260023 | |
| 650 | 0 | |a Ejercicios de lectura |9 324248 | |
| 650 | 0 | |a Métodos de estudio |9 260518 | |
| 650 | 0 | |a Comprensión |9 339377 | |
| 650 | 0 | |a Enseñanza de idiomas |9 339820 | |
| 650 | 0 | |a Vocabulario |9 345405 | |
| 583 | |a last modification |c 19981002 00:00:00 |k Rodrigo Vera | ||
| 999 | |c 275915 |d 275913 | ||
| 952 | |0 0 |1 0 |4 0 |6 428_800000000000000_MIK_1996 |7 0 |8 A |9 312838 |a BIBEDU |b BIBEDU |d 2019-11-20 |i 3467325 |l 1 |o 428.8 MIK 1996 |p 3467325 |r 2022-04-28 |s 2022-04-19 |w 2019-11-20 |y BK |k LIT | ||